000
00294nam a22001217a 4500
082
_a
823
_b
CAR/N
100
_a
KEENEE, CAROLYN
245
_a
THE NANCY DREW FILE - DANGEROUS DOVE
260
_a
NEW YORK
_b
POCKET BOOKS
_c
1983
300
_a
151
650
_a
ENGLISH STORY
_z
UNITED STATES
942
_c
BK
999
_c
7289
_d
7289